| Tag |
First Indicator |
Second Indicator |
Subfields |
| LEADER |
00000cam a2200000 a 4500 |
| 001 |
in00000078316 |
| 005 |
20151008060724.0 |
| 008 |
680301s1968 nyua b 00110 engm |
| 010 |
|
|
|a 68016461
|
| 035 |
|
|
|a (OCoLC)00254594
|
| 035 |
|
|
|9 AAJ6426AM
|
| 040 |
|
|
|a DLC
|c DLC
|d TXA
|d UtOrBLW
|
| 049 |
|
|
|a TXAM
|c [1805079]
|
| 050 |
0 |
0 |
|a HM66
|b .C8 1968
|
| 082 |
0 |
|
|a 301
|
| 100 |
1 |
|
|a Cuber, John Frank,
|d 1911-
|
| 245 |
1 |
0 |
|a Sociology, a synopsis of principles /
|c John F. Cuber.
|
| 250 |
|
|
|a 6th ed.
|
| 264 |
|
1 |
|a New York :
|b Appleton-Century-Crofts,
|c [1968]
|
| 264 |
|
4 |
|c ©1968
|
| 300 |
|
|
|a xiv, 609 pages :
|b illustrations ;
|c 24 cm.
|
| 336 |
|
|
|a text
|b txt
|2 rdacontent
|
| 337 |
|
|
|a unmediated
|b n
|2 rdamedia
|
| 338 |
|
|
|a volume
|b nc
|2 rdacarrier
|
| 490 |
1 |
|
|a ACC Sociology series
|
| 504 |
|
|
|a Includes bibliographies and index.
|
| 650 |
|
0 |
|a Sociology.
|
| 830 |
|
0 |
|a ACC sociology series.
|
| 999 |
|
|
|a MARS
|
| 999 |
f |
f |
|s b96f3542-8e2b-3305-827e-8ec8dfed745c
|i 51141285-2371-3558-91da-20ffe925572f
|t 0
|
| 952 |
f |
f |
|p ric
|a Texas A&M University
|b Rellis Campus
|c Joint Library Facility
|d Remote Storage
|t 0
|e HM66 .C8 1968
|h Library of Congress classification
|i unmediated -- volume
|m A14806139082
|
| 998 |
f |
f |
|a HM66 .C8 1968
|t 0
|l Remote Storage
|